000
00297nam a22001337a 4500
008
171006b xxu||||| |||| 00| 0 eng d
020
_a
9780534162542
041
_a
eng
080
_2
4TH
_a
159.9
100
_a
49
101
_a
PSI
245
_a
BIOLOGICAL PSYCHOLOGY
_c
KALAT,J.W
942
_2
udc
_c
BK
999
_c
32286
_d
32286